Largest deserts - Statistics

General Stats
  • This quiz has been taken 21 times
  • The average score is 3 of 9
Answer Stats
Location Answer % Correct
Morocco, Egypt, etc. Sahara
95%
Angola, South Africa, etc. Kalahari Desert
67%
Jordan, Iraq, etc. Gobi Desert
52%
Australia Australian Desert
29%
Argentina, Chile Patagonian Desert
29%
United States Great Basin
19%
Antartica Antartica
14%
Iraq, Jordan, Syria Syrian Desert
14%
Alsaka, Canada, etc. Artic
0%
No matching quizzes found
Score Distribution
Percent of People with Each Score
Percentile by Number Answered
Your Score History
You have not taken this quiz